|
|
|
|
| LEADER |
01355nam a22003854a 4500 |
| 001 |
EBC200791 |
| 003 |
MiAaPQ |
| 005 |
20200520144314.0 |
| 006 |
m o d | |
| 007 |
cr cn||||||||| |
| 008 |
040402s2004 enka sb 001 0 eng |
| 010 |
|
|
|z 2004048121
|
| 020 |
|
|
|z 0415369681
|
| 020 |
|
|
|z 041536969X (pbk.)
|
| 035 |
|
|
|a (MiAaPQ)EBC200791
|
| 035 |
|
|
|a (Au-PeEL)EBL200791
|
| 035 |
|
|
|a (CaPaEBR)ebr10163016
|
| 035 |
|
|
|a (CaONFJC)MIL17514
|
| 035 |
|
|
|a (OCoLC)63517616
|
| 040 |
|
|
|a MiAaPQ
|c MiAaPQ
|d MiAaPQ
|
| 043 |
|
|
|a n-us---
|
| 050 |
|
4 |
|a HG4910
|b .W3827 2004
|
| 082 |
0 |
4 |
|a 332.63/22/0973
|2 22
|
| 084 |
|
|
|a 85.33
|2 bcl
|
| 100 |
1 |
|
|a Western, David L.
|
| 245 |
1 |
0 |
|a Booms, bubbles, and busts in US stock markets
|h [electronic resource] /
|c David L. Western.
|
| 260 |
|
|
|a London ;
|a New York :
|b Routledge,
|c 2004.
|
| 300 |
|
|
|a xvii, 237 p. :
|b ill.
|
| 504 |
|
|
|a Includes bibliographical references (p. [226]-231) and index.
|
| 533 |
|
|
|a Electronic reproduction. Ann Arbor, MI : ProQuest, 2015. Available via World Wide Web. Access may be limited to ProQuest affiliated libraries.
|
| 650 |
|
0 |
|a Stocks
|z United States.
|
| 650 |
|
0 |
|a Investments
|z United States.
|
| 655 |
|
4 |
|a Electronic books.
|
| 710 |
2 |
|
|a ProQuest (Firm)
|
| 856 |
4 |
0 |
|u https://ebookcentral.proquest.com/lib/matrademy/detail.action?docID=200791
|z Click to View
|